| 000 | 01030cam a22003013a 4500 | ||
|---|---|---|---|
| 001 | 12702908 | ||
| 003 | PILC | ||
| 005 | 20150903085358.0 | ||
| 008 | 010810s2001 nyu 000 f eng d | ||
| 010 | _a 2002562741 | ||
| 020 |
_a0440236029 (pbk.) : _c$6.50 |
||
| 035 | _a(OCoLC)ocm47760100 | ||
| 040 |
_aNAB _cNAB _dJED _dDLC |
||
| 042 | _alccopycat | ||
| 050 |
_aPZ 7 _b.K55 2001 |
||
| 100 | 1 | _aKingsley, Katherine. | |
| 245 | 1 | 0 |
_aLilies on the lake / _cKatherine Kingsley. |
| 260 |
_aNew York : _bDell, _c2001. |
||
| 300 |
_a321 pages ; _c18 cm. |
||
| 655 | 7 |
_aHistorical fiction. _2gsafd |
|
| 655 | 7 |
_aLove stories. _2gsafd |
|
| 710 | 2 |
_aCopyright Paperback Collection (Library of Congress) _5DLC |
|
| 856 | 4 | 1 |
_3Sample text _uhttp://www.loc.gov/catdir/samples/random042/2002562741.html |
| 856 | 4 | 2 |
_3Publisher description _uhttp://www.loc.gov/catdir/description/random045/2002562741.html |
| 906 |
_a7 _bcbc _ccopycat _d2 _encip _f20 _gy-genrareb |
||
| 942 |
_2lcc _cBK _kFOR |
||
| 999 |
_c288586 _d288586 |
||